000 00225nam a22000857a 4500
008 170624b xxu||||| |||| 00| 0 eng d
100 _93656
_aJain. G
245 _aNobel prize in winners in Economics
260 _aNew Delhi
_bTep
_c2009
999 _c7063
_d7063